000 00525nam a2200157 a 4500
001 000011322
005 20200929162421.0
008 091016s2007 dr 000 0 spa d
020 _a9789945408119
040 _aDO-SdBNP
_bspa
_cBNPHU
100 1 _aCollado, W. B.
_d1962-
_926918
245 1 4 _aLas escuelas y nuestros hijos :
_bcamino a la universidad /
_cW. B. Collado.
260 _aSanto Domingo :
_bargos,
_c2007.
300 _a103 p. ;
_c22 cm.
500 _aIncluye datos biográficos del autor en las solapas de la cubierta
999 _c11029
_d11029